01500cam a2200313 a 450000100090000000300040000900500170001300800410003001000170007102000180008802000150010603500240012104000330014505000230017808200210020110000250022224500790024725000120032626000740033830000320041249000230044450400510046750504750051865000200099370000200101370000230103383000240105685601060108015792192OSt20150408114153.0090625s2010 enka b 001 0 eng  a 2009026566 a9780415394949 a0415394945 a(OCoLC)ocn421534587 aDLCcDLCdYDXdCDXdUBYdDLC00aQH324.2b.H63 201000a570.285222bHTB1 aHodgman, T. Charlie.10aBioinformatics /cT. Charlie Hodgman, Andrew French and David R. Westhead. a2nd ed. aMilton Park, Abingdon [Oxon] ;aNew York :bTaylor & Francis,cc2010. ax, 340 p. :bill. ;c25 cm.1 aBIOS instant notes aIncludes bibliographical references and index.0 aThe changing face of research biology -- Definitions of bioinformatics -- Essentials of physics -- Data and databases -- Data categories -- Computation -- Probability and statistics -- Modeling and mathematical techniques -- Artificial intelligence and machine learning -- Genomes and other sequences -- Transcriptomics -- Proteins and proteomics -- Metabolomics -- Supramolecular organization -- Biochemical dynamics -- Physiology -- Image analysis -- Textual analysis. 0aBioinformatics.1 aFrench, Andrew.1 aWesthead, David R. 0aBIOS instant notes.423Contributor biographical informationuhttp://www.loc.gov/catdir/enhancements/fy1009/2009026566-b.html